000
00250nam a2200097Ia 4500
001
685005
005
20250826161509.0
008
250824s9999 xx 000 0 und d
245
0
_a
UÇURTMA AVCISI/K.HOSSEINI/EVEREST
_c
KHALED HOSSEINI
260
_b
EVEREST
999
_c
685005
_d
685005